000
00284nam a2200121Ia 4500
008
190216s9999||||xx |||||||||||||| ||und||
100
_a
Vaikam Muhammed Basheer
245
0
_a
Maranathinde Nizhalil
260
_b
Dc Books Kottayam
300
_a
72
650
_a
Malayalam
942
_c
BK
999
_c
24571
_d
24571